000 00518nam a2200121Ia 4500
008 220620s9999||||xx |||||||||||||| ||und||
100 _aSchreiber-Barsch, Silke
245 0 _aAdult and Continuing Education in France
546 _aEnglish[eng]
650 _aSociology||Bildungssysteme
856 _uhttps://library.oapen.org/bitstream/20.500.12657/30968/1/640932.pdf||https://library.oapen.org/bitstream/20.500.12657/30968/1/640932.pdf||https://library.oapen.org/bitstream/20.500.12657/30968/1/640932.pdf
942 _cEB
999 _c25714
_d25714